Билл - герой Галактики. Билл, герой Галактики, отправляется в свой первый отпуск. Обычная история. Цель вторжения - Земля.: фантастические произведения; [пер. с англ.]

Opis bibliograficzny
1. autor: Гаррисон Г. Гарри
Język:rosyjski
Wydane: Москва, ЭКСМО, 1997
Seria:Стальная Крыса
Hasła przedmiotowe:
Format: Książka
KOHA link:https://koha.lib.tpu.ru/cgi-bin/koha/opac-detail.pl?biblionumber=685587

MARC

LEADER 00000nam0a2200000 4500
001 685587
005 20260327143833.0
010 |a 5-251-00658-6 
090 |a 685587 
100 |a 20260323d1997 m||y0rusy50 ca 
101 1 |a rus  |c eng 
102 |a RU 
105 |a a z 000ay 
181 0 |a i   |b  e  
182 0 |a n 
183 0 |a nc  |2 RDAcarrier 
200 1 |a Билл - герой Галактики. Билл, герой Галактики, отправляется в свой первый отпуск. Обычная история. Цель вторжения - Земля.  |e фантастические произведения  |e [пер. с англ.]  |f Гарри Гаррисон 
203 |a Текст  |b визуальный  |c непосредственный 
210 |a Москва  |c ЭКСМО  |d 1997 
215 |a 408 с.  |c ил. 
225 1 |a Стальная Крыса 
283 |a volume  |2 RDAcarrier 
606 |a Американская литература (англо-язычная литература)  |9 52349 
610 1 |a художественная литература 
610 1 |a романы 
610 1 |a фантастика 
675 |a 82  |v 4 
700 1 |a Гаррисон  |b Г.   |g Гарри 
801 0 |a RU  |b 63413507  |c 20260323 
942 |c BK